<?xml version="1.0" encoding="UTF-8"?>
<record
    xmlns:xsi="http://www.w3.org/2001/XMLSchema-instance"
    xsi:schemaLocation="http://www.loc.gov/MARC21/slim http://www.loc.gov/standards/marcxml/schema/MARC21slim.xsd"
    xmlns="http://www.loc.gov/MARC21/slim">

  <leader>02154nam a2200289Ia 4500</leader>
  <controlfield tag="001">H6961</controlfield>
  <controlfield tag="003">IT-RoPAU</controlfield>
  <controlfield tag="008">130308s9999    xx            000 0 und d</controlfield>
  <datafield tag="040" ind1=" " ind2=" ">
    <subfield code="a">IT-RoPAU</subfield>
  </datafield>
  <datafield tag="040" ind1=" " ind2=" ">
    <subfield code="c">IT-RoPAU</subfield>
  </datafield>
  <datafield tag="041" ind1=" " ind2=" ">
    <subfield code="a">ITALIANO</subfield>
  </datafield>
  <datafield tag="100" ind1=" " ind2=" ">
    <subfield code="a">Traini Stefano</subfield>
  </datafield>
  <datafield tag="100" ind1=" " ind2=" ">
    <subfield code="g">Codice Aut. SPICS: 40620</subfield>
  </datafield>
  <datafield tag="245" ind1=" " ind2=" ">
    <subfield code="a">Due vie della semiotica (Le) - teorie strutturali e interpretative </subfield>
  </datafield>
  <datafield tag="245" ind1=" " ind2=" ">
    <subfield code="b">Due vie della Semiotica (Le) - teorie Strutturali e Interpretative</subfield>
  </datafield>
  <datafield tag="250" ind1=" " ind2=" ">
    <subfield code="a">1a ed.</subfield>
  </datafield>
  <datafield tag="260" ind1=" " ind2=" ">
    <subfield code="a">MILANO</subfield>
  </datafield>
  <datafield tag="260" ind1=" " ind2=" ">
    <subfield code="b">Bompiani</subfield>
  </datafield>
  <datafield tag="260" ind1=" " ind2=" ">
    <subfield code="c">2006 [1&#xB0; Ed.:2006 - Ed.Ling.Originale:2006]</subfield>
  </datafield>
  <datafield tag="300" ind1=" " ind2=" ">
    <subfield code="a">"370 p. (prefazione: no ; testo: 370 [pagine: 0-0])"</subfield>
  </datafield>
  <datafield tag="500" ind1=" " ind2=" ">
    <subfield code="a">"I Semiotica Strutturale: Ferdinand De Saussure, Dalla Linguistica Alla Semiologia (Langue e Parole; Linguistica Esterna e Interna; Semiologia; Segno Linguistico, Arbitrariet&#xE0; e Linearita'; Immutabilit&#xE0; e Mutabilit&#xE0; Segno;Sincronia e Diacronia; Linguistica Sincronica; Arbitrariet&#xE0; verticale e Orizzontale); Louis Hjelmslev, Tratti Fondamentali Linguaggi (5 Tratti Fondamentali Linguaggi; Dalle semiotiche Denotative Alla semiotiche Connotative); Roland Barthes, Semiologia Come Critica Sociale (Miti Oggi, Critica Connotazioni Ideologiche; Elementi Semiologia; Sistema Moda, Retorica e Ideologia; Retorica Immagine, Semi Connotativi; Analisi Racconto; fase Semiologica); Algirdas Julien Greimas, Percorso Generativo (Semantica Strutturale; progetto Semiotico; Percorso Generativo; Passioni); Sviluppi Semiotica Generativa (Sociosemiotica; Estesia; Corpo). Ii Semiotica Interpretativa: Charles Sanders Peirce, Abduzione, Semiosi, Segni (Verso Semiotica Cognitiva; Semiosi; classificazione Segni, Icone, Indici, Simboli); Umberto Eco, Modello Enciclopedico e cooperazione interpretativa (Teoria Codici; dal Modello semantico Dizionariale al Modello Enciclopedico; Natura Contrattuale Significato); Campo Interpretativo, Semantica di Patrizia Violi (Dalla Semiotica di Ecoalla Semantica di Violi; Verso Semantica Globale; Semantica Esperienziale.."</subfield>
  </datafield>
  <datafield tag="650" ind1=" " ind2=" ">
    <subfield code="a">SEMIOLOGIA</subfield>
  </datafield>
  <datafield tag="650" ind1=" " ind2=" ">
    <subfield code="e">Codice materia Spics: 3251</subfield>
  </datafield>
  <datafield tag="942" ind1=" " ind2=" ">
    <subfield code="c">BK</subfield>
  </datafield>
  <datafield tag="957" ind1=" " ind2=" ">
    <subfield code="7">1</subfield>
  </datafield>
  <datafield tag="999" ind1=" " ind2=" ">
    <subfield code="c">88129</subfield>
    <subfield code="d">88129</subfield>
  </datafield>
  <datafield tag="999" ind1=" " ind2=" ">
    <subfield code="g">1</subfield>
  </datafield>
  <datafield tag="952" ind1=" " ind2=" ">
    <subfield code="0">0</subfield>
    <subfield code="1">0</subfield>
    <subfield code="4">0</subfield>
    <subfield code="6">H_000000000000000_6961</subfield>
    <subfield code="7">1</subfield>
    <subfield code="a">SPICS</subfield>
    <subfield code="b">SPICS</subfield>
    <subfield code="d">2013-03-08</subfield>
    <subfield code="l">0</subfield>
    <subfield code="o">H6961</subfield>
    <subfield code="r">2013-03-08 00:00:00</subfield>
    <subfield code="w">2013-03-08</subfield>
    <subfield code="y">BK</subfield>
    <subfield code="z">Progressivo inserimento:  5136 /  N. Volumi: 1 Copie: 1  / data import: 1 marzo 2013 - By Epidotti, Trombetti, Vaglietti. </subfield>
  </datafield>
</record>
